Casos clínicos en medicina respiratoria / (Record no. 11139)

MARC details
000 -LEADER
fixed length control field 00721nam a22002057a 4500
008 - FIXED-LENGTH DATA ELEMENTS--GENERAL INFORMATION
fixed length control field 251009b ||||| |||| 00| 0 spa d
040 ## - CATALOGING SOURCE
Original cataloging agency AR-FvUNAJ
Modifying agency AR-FvUNAJ
Description conventions aacr2
082 14 - DEWEY DECIMAL CLASSIFICATION NUMBER
Edition number 14
Classification number 616.2
245 00 - TITLE STATEMENT
Title Casos clínicos en medicina respiratoria /
Statement of responsibility, etc Daniel Colodenco, Eduardo Giugno, Guillermo Menga, Santiago Rossi.
260 ## - PUBLICATION, DISTRIBUTION, ETC. (IMPRINT)
Place of publication, distribution, etc [Buenos Aires
Name of publisher, distributor, etc GlaxoSmithKline,
Date of publication, distribution, etc 2011.
300 ## - PHYSICAL DESCRIPTION
Extent 165 p.
650 #0 - SUBJECT ADDED ENTRY--TOPICAL TERM
Source of heading or term dcs
9 (RLIN) 21960
Topical term or geographic name as entry element NEUMONOLOGIA
650 #0 - SUBJECT ADDED ENTRY--TOPICAL TERM
Source of heading or term dcs
9 (RLIN) 4910
Topical term or geographic name as entry element ENFERMEDADES PULMONARES
700 1# - ADDED ENTRY--PERSONAL NAME
9 (RLIN) 21961
Personal name Colodenco, Daniel
700 1# - ADDED ENTRY--PERSONAL NAME
9 (RLIN) 21962
Personal name Giugno, Eduardo
700 1# - ADDED ENTRY--PERSONAL NAME
9 (RLIN) 21963
Personal name Menga, Guillermo
700 1# - ADDED ENTRY--PERSONAL NAME
9 (RLIN) 21964
Personal name Rossi, Santiago
942 ## - ADDED ENTRY ELEMENTS (KOHA)
Source of classification or shelving scheme Dewey Decimal Classification
Item type Libro, folleto, traducción
980 ## - EQUIVALENCE OR CROSS-REFERENCE-SERIES STATEMENT--PERSONAL NAME/TITLE [LOCAL, CANADA]
Linkage 2
Personal name Virginia Figueroa
Field link and sequence number 2
Miscellaneous information Virginia Figueroa
Holdings
Withdrawn status Lost status Source of classification or shelving scheme Damaged status Not for loan Home library Current library Date acquired Source of acquisition Total Checkouts Full call number Barcode Date last seen Price effective from Koha item type
    Dewey Decimal Classification     Biblioteca Central Biblioteca Central 09/10/2025 Donación   616.2 CAS UNAJ25100013 09/10/2025 09/10/2025 Libro, folleto, traducción

Lunes a Viernes 8:30 a 19:00 hs. Cerrado por mudanza
Av.Calchaqui 6200 Florencio Varela (CP188) 2°piso Edificio Mosconi Aula 209-210
Mail: bibliotecacentralunaj@gmail.com  
Whatsapp(54 9)1122668024    ❔Pregunte a la bibliotecaria
© Universidad Nacional Arturo Jauretche | Secretaría Académica | Biblioteca Central UNAJ